000 00860nam a2200193Ia 4500
005 20251020182615.0
008 200515s9999 xx 000 0 und d
082 _aSC/691:327:624(81)/I59
110 _aInstituto Brasileiro do Concreto
245 0 _aProjeto das paredes estucturais em alvenaria de blocos de concreto
260 _aSão Paulo
260 _c1977
300 _as.n.
500 _a influencia dos constituintes.- Comportamiento estructral da alvenaria conceito de rigidez e fundacoes apropiadas.- Blocos de concreto para alvenaria armada
520 _aContenido: Projeto das paredes estructurais em alvenaria de blocos de concreto.- Aspectos técnico-económicos da alvenaria estructural de blocos de concreto.- Resistencia do prisma oco de alvenaria estructural
650 _aALBAÑILERIA
650 _aBLOQUES DE CONCRETO
942 _cLIB
999 _c3472
_d3472